000 00173nam a2200073Ia 4500
008 170817s9999 xx 000 0 und d
100 _aGOEL M.K
245 0 _aPRYAVARAN SIKSHA
260 _bVINOD PUSTAK MANDIR
999 _c36825
_d36825